000 00859nam a22003017a 4500
001 BR9802382
003 BR-BrBNA
005 20230928095916.0
007 ta
008 230509b bl.||||| |||| 00| 0 por d
040 _aBR-BrBNA
_bpor
_cBiblioteca Nacional de Agricultura
041 _a(Por)
072 _aF06
090 _ F06 BR9802382
100 1 _aSilva, A.T. da
110 1 _aUniversidade Federal Rural do Rio de Janeiro, Itaguai (Brasil)
_911225
245 1 _aSistemas de irrigacao por aspersao convencional e localizada
260 3 _aItaguai, RJ (Brasil):
_c1994.
300 _a257 p.
500 _a45 ref.; 23 illus.
650 _aIrrigacao por Aspersao
650 _aMetodo de Aplicacao
650 _aModelo Matematico
650 _aHidraulica
650 _aManejo de Agua
909 _a202309
_bLucia
_c55
_dLucia Elande
942 _cBK
999 _c59346
_d59346